Remarques sur le tatouage dans l'Égypte ancienne /

محفوظ في:

المؤلف الرئيسي: Keimer, Ludwig (مؤلف)

التنسيق: كتاب

اللغة: French

منشور في: Le Caire : Imprimerie de l'Institut français d'archéologie orientale, 1948.

سلاسل: Memoires de l'Institut d'Egypte ; 53.
MIE ; 53.

الموضوعات:

الوسوم: إضافة وسم

لا توجد وسوم, كن أول من يضع وسما على هذه التسجيلة!

رقم الطلب: DT43 .I625 v.53

LEADER 00851namaa2200277 4500
001 18886
003 OSt
005 20260317112936.0
008 130303s1948 ua a 000 0 fre d
010 |a 49049459 
040 |c ARCE Library 
043 |a f-ua--- 
050 4 |a DT43 .I625 v.53 
100 1 |a Keimer, Ludwig,   |e author 
245 1 0 |a Remarques sur le tatouage dans l'Égypte ancienne /   |c Ludwig Keimer. 
264 1 |a Le Caire :   |b Imprimerie de l'Institut français d'archéologie orientale,   |c 1948. 
300 |a xix, 118 pages :   |b illustrations ;   |c 29 cm. 
490 1 |a Memoires de l'Institut d'Egypte ;   |v 53. 
490 1 |a MIE ;   |v 53. 
650 0 |a Tattooing.  |9 8981 
651 0 |a Egypt  |x Antiquities. 
830 0 |a Memoires de l'Institut d'Egypte ;   |v 53. 
830 0 |a MIE ;   |v 53. 
901 |a reviewed 
942 |c BK  |2 lcc 
999 |c 15950  |d 15950